| 000 | 00697nam a22002177a 4500 | ||
|---|---|---|---|
| 999 |
_c17695 _d17695 |
||
| 003 | AR-CdUCM | ||
| 008 | 190509b ||||| |||| 00| 0 spa d | ||
| 040 |
_aMUNICIPALIDAD PROVINCIAL DEL CUSCO _cBIBLIOTECA MUNICIPAL DEL CUSCO |
||
| 082 |
_a869.61 / _bA91 |
||
| 100 |
_aAvendaño, Angel _9875 |
||
| 245 | _aLos mitos descalzos / | ||
| 260 |
_aLima : _bBellido, _c1990. |
||
| 300 |
_a60 páginas ; _c25 cm. |
||
| 440 |
_aMunicipalidad del cusco _937838 |
||
| 505 | _aContenido : Reunión en las piedras -- Wayno para dos -- Iglesias del cusco -- Retorno a las arcillas. | ||
| 650 |
_aHistoria _9136 |
||
| 650 |
_aMitos _912603 |
||
| 650 |
_aCusco _9772 |
||
| 942 |
_2ddc _cLIBROS |
||
| 945 | _arcc | ||